Spring offensive (Record no. 151067)

MARC details
000 -LEADER
fixed length control field 00271nam a2200097Ia 4500
082 ## - DEWEY DECIMAL CLASSIFICATION NUMBER
Classification number 322.420968 MAZI
008 - FIXED-LENGTH DATA ELEMENTS--GENERAL INFORMATION
fixed length control field 210817s9999 xx 000 0 und d
100 ## - MAIN ENTRY--PERSONAL NAME
Personal name MAZIBUKO, Nokuthula Limpopo, South Africa, 2006
9 (RLIN) 45771
245 #0 - TITLE STATEMENT
Title Spring offensive
942 ## - ADDED ENTRY ELEMENTS
item type Books
Holdings
Withdrawn status Lost status Damaged status Not for loan Home library Current library Date acquired Cost, normal purchase price Total Checkouts Barcode Date last seen Price effective from item type
        Balfour Balfour 18.08.2021 115.69   3322810009080 18.08.2021 18.08.2021 Books